[Event "DEM U12/U12w 2009"]
[Site "Willingen GER"]
[Date "2009.06.01"]
[Round "3"]
[White "Lagunow, Elina"]
[Black "Zimmermann, Jasmin"]
[Result "0-1"]
[Termination "normal"]
[Board "30"]
[WhiteElo "1726"]
[BlackElo "1283"]
[PlyCount "118"]
[WhiteFideId "4673387"]
[BlackFideId "12900400"]
[EventCountry "GER"]
[EventRounds "11"]
[EventType "swiss"]
[EventDate "2009.05.30"]

1. e4 e5 2. Nf3 Nc6 3. Bc4 Nf6 4. d3 d5 5. exd5 Nxd5 6. O-O Bg4 7. c3 Be7 8.
Nbd2 O-O 9. Re1 Bf6 10. Ne4 Nb6 11. Bb3 Qe7 12. Be3 Rfe8 13. Bc5 Qd8 14. Re3
Nd7 15. Qc2 b6 16. Ba3 Be7 17. Ba4 Na5 18. b4 Nb7 19. Bc6 Rb8 20. Qa4 a5 21.
Ng3 f6 22. d4 Bd6 23. Rae1 axb4 24. Bxb4 Ra8 25. Qb3+ Be6 26. d5 Ndc5 27. Bxc5
Nxc5 28. Qb5 Ra5 29. Qc4 Bd7 30. Nd2 Kh8 31. Kh1 Re7 32. Nge4 Qe8 33. Bxd7 Qxd7
34. Rh3 Qb5 35. Nxd6 cxd6 36. Qh4 h6 37. Rb1 Qe2 38. Nc4 Rxa2 39. Nxd6 Qb2 40.
Qb4 Qxf2 41. Rg3 Re2 42. c4 Nd3 43. Ne4 Nxb4 44. Nxf2 Rxf2 45. Kg1 Rf4 46. Rxb4
Ra7 47. Rf3 Rd4 48. Rxb6 Rxc4 49. Rd3 Rd7 50. Kf2 Kh7 51. d6 Kg6 52. Ke3 Kf5
53. Rd5 Ke6 54. Rd2 f5 55. Kf3 Rd4 56. Re2 R7xd6 57. Rb5 Rf4+ 58. Kg3 Rd3+ 59.
Re3 Rxe3# 0-1

[Event "DEM U12/U12w 2009"]
[Site "Willingen GER"]
[Date "2009.06.01"]
[Round "3"]
[White "Herbrig, Marie-Helen"]
[Black "Peters, Tom"]
[Result "1/2-1/2"]
[Termination "normal"]
[Board "31"]
[WhiteElo "1248"]
[BlackElo "1528"]
[PlyCount "168"]
[WhiteFideId "12900427"]
[BlackFideId "24694444"]
[EventCountry "GER"]
[EventRounds "11"]
[EventType "swiss"]
[EventDate "2009.05.30"]

1. e4 e5 2. Nf3 Nf6 3. Nc3 Nc6 4. d4 exd4 5. Nxd4 Bb4 6. Nde2 Nxe4 7. Bd2 Nxd2
8. Qxd2 O-O 9. Nf4 Qf6 10. Nfd5 Qe5+ 11. Be2 Bxc3 12. Nxc3 b6 13. O-O Bb7 14.
Qxd7 Nd4 15. Bd3 Qg5 16. Be4 Ne2+ 17. Kh1 Bxe4 18. Nxe4 Qe5 19. f3 Qxb2 20.
Qxc7 Rfc8 21. Qb7 Qxc2 22. Nd6 Qc7 23. Qxc7 Rxc7 24. Rfe1 Rc2 25. Nf5 g6 26.
Ne3 Rd2 27. Nc4 Rd4 28. Ne3 Nc3 29. Ng4 Ra4 30. a3 Nb5 31. Re3 Rd8 32. h3 Nd4
33. Rd3 Ne6 34. Rc3 Nc5 35. Re1 Rad4 36. Kh2 Rd3 37. Rec1 Rxc3 38. Rxc3 Rd3 39.
Rc2 Rxa3 40. Ne5 f6 41. Nc4 Rd3 42. Ra2 Rd7 43. Ne3 Kf7 44. Ng4 h5 45. Ne3 b5
46. Rb2 a6 47. Rc2 Ne6 48. Rc6 Ra7 49. Nd5 a5 50. Rb6 b4 51. Rb5 Nc7 52. Nxc7
Rxc7 53. Rxa5 Rb7 54. Ra2 g5 55. Kg1 Kg6 56. Kf2 h4 57. Ke3 Kh5 58. Ke4 Rb5 59.
Kd4 f5 60. Kc4 b3 61. Rb2 Rb8 62. Rxb3 Rxb3 63. Kxb3 g4 64. f4 Kg6 65. Kc3 Kf6
66. Kd3 Ke6 67. Ke3 g3 68. Kd4 Kd6 69. Ke3 Kc5 70. Kd3 Kd5 71. Ke3 Kc4 72. Kf3
Kd4 73. Ke2 Ke4 74. Kd2 Kxf4 75. Ke2 Ke4 76. Kd2 f4 77. Ke2 f3+ 78. gxf3+ Kf4
79. Kf1 Ke3 80. Kg2 Kf4 81. Kg1 Kxf3 82. Kf1 Ke3 83. Kg2 Ke2 84. Kg1 Ke3
1/2-1/2

[Event "DEM U12/U12w 2009"]
[Site "Willingen GER"]
[Date "2009.06.01"]
[Round "3"]
[White "Sabirov, Ramil"]
[Black "Oltmanns, Bianca"]
[Result "1-0"]
[Termination "normal"]
[Board "32"]
[WhiteElo "1518"]
[BlackElo "1234"]
[PlyCount "61"]
[WhiteFideId "12900303"]
[BlackFideId "24698008"]
[EventCountry "GER"]
[EventRounds "11"]
[EventType "swiss"]
[EventDate "2009.05.30"]

1. e4 c5 2. Nf3 e6 3. d3 d6 4. g3 Nf6 5. Bg2 Be7 6. O-O O-O 7. Qe2 Nc6 8. Na3
a6 9. c3 e5 10. Nc4 Bg4 11. h3 Bd7 12. Ne3 Qc8 13. Kh2 b5 14. Nh4 Qc7 15. Nhf5
Bd8 16. Bd2 Be6 17. f4 exf4 18. gxf4 Rc8 19. Bf3 Qd7 20. Qg2 g6 21. Nh6+ Kh8
22. f5 Bxf5 23. exf5 Ne5 24. Be2 Bc7 25. Kh1 Kg7 26. fxg6 fxg6 27. Rf2 Rcd8 28.
Qg5 Qe7 29. Nef5+ Kh8 30. Nxe7 Nf7 31. Qxf6# 1-0

[Event "DEM U12/U12w 2009"]
[Site "Willingen GER"]
[Date "2009.06.01"]
[Round "3"]
[White "Diederichs, Luise"]
[Black "Gröning, Finn Jonathan"]
[Result "0-1"]
[Termination "normal"]
[Board "33"]
[WhiteElo "1209"]
[BlackElo "1513"]
[PlyCount "48"]
[WhiteFideId "24661597"]
[BlackFideId "1271634"]
[EventCountry "GER"]
[EventRounds "11"]
[EventType "swiss"]
[EventDate "2009.05.30"]

1. c4 c6 2. e3 d5 3. d4 Nf6 4. Nc3 e6 5. Bd3 Bd6 6. Nf3 Nbd7 7. Bd2 Qe7 8. Qc2
O-O 9. O-O Re8 10. Rfe1 dxc4 11. Bxc4 e5 12. e4 exd4 13. Nxd4 Ne5 14. Bb3 b6
15. Nf5 Bxf5 16. exf5 Qc7 17. Ne4 Neg4 18. Nxf6+ Nxf6 19. g3 Bc5 20. Bc3 Ng4
21. Rf1 Re7 22. Qd2 h6 23. f6 gxf6 24. h3 Qxg3+ 0-1

[Event "DEM U12/U12w 2009"]
[Site "Willingen GER"]
[Date "2009.06.01"]
[Round "3"]
[White "Wolff, Christopher"]
[Black "Behr, Jessica"]
[Result "1-0"]
[Termination "normal"]
[Board "34"]
[WhiteElo "1494"]
[BlackElo "1053"]
[PlyCount "85"]
[EventCountry "GER"]
[EventRounds "11"]
[EventType "swiss"]
[EventDate "2009.05.30"]

1. e4 e6 2. d4 d5 3. Nd2 Nf6 4. e5 Nfd7 5. c3 c5 6. Bd3 Nc6 7. Ndf3 Qa5 8. Bd2
Qb6 9. Ne2 Qxb2 10. O-O Qb6 11. Rb1 Qc7 12. Nf4 Be7 13. Qc2 g6 14. Qc1 Bf8 15.
Ng5 Nd8 16. Qd1 Bh6 17. Qg4 Nf8 18. Qh4 Bg7 19. Qg4 Bh6 20. Be3 b6 21. Rb2 Bd7
22. Rfb1 c4 23. Be2 a6 24. h4 b5 25. Qg3 Bxg5 26. Qxg5 Qa5 27. Bd2 Nc6 28. h5
Rb8 29. Qf6 Rg8 30. Bf3 Qa4 31. h6 Bc8 32. Nxd5 exd5 33. Bxd5 Nd8 34. Qg7 Rxg7
35. hxg7 Nfe6 36. g8=Q+ Nf8 37. Bh6 Nde6 38. Bxe6 Bxe6 39. Qxf8+ Kd7 40. Qd6+
Kc8 41. Qc6+ Kd8 42. Bg5+ f6 43. Bxf6# 1-0

[Event "DEM U12/U12w 2009"]
[Site "Willingen GER"]
[Date "2009.06.01"]
[Round "3"]
[White "Schmücker, Felix"]
[Black "Mehling, Katharina"]
[Result "1-0"]
[Termination "normal"]
[Board "35"]
[WhiteElo "1657"]
[BlackElo "1352"]
[PlyCount "59"]
[WhiteFideId "12900273"]
[BlackFideId "12900362"]
[EventCountry "GER"]
[EventRounds "11"]
[EventType "swiss"]
[EventDate "2009.05.30"]

1. e4 e5 2. Nf3 Nc6 3. d4 exd4 4. Bc4 Nf6 5. O-O Nxe4 6. Re1 d5 7. Bxd5 Qxd5 8.
Nc3 Qa5 9. Nxe4 Be6 10. Bg5 Bc5 11. a3 Bb6 12. Qd3 O-O 13. Bh4 Rfe8 14. Ng3 Bg4
15. b4 Qa4 16. Ng5 g6 17. h3 Bd7 18. Nh5 Rxe1+ 19. Rxe1 Bf5 20. Qf3 Qxc2 21. g4
gxh5 22. gxf5 a5 23. Nxf7 Qd2 24. Re6 Kf8 25. Qxh5 d3 26. Nh6 Bxf2+ 27. Bxf2
Ne5 28. Rxe5 Kg7 29. Re7+ Kh8 30. Bd4# 1-0

[Event "DEM U12/U12w 2009"]
[Site "Willingen GER"]
[Date "2009.06.01"]
[Round "3"]
[White "Srokovskiy, Andrea"]
[Black "Michels, Kim"]
[Result "0-1"]
[Termination "normal"]
[Board "36"]
[WhiteElo "1809"]
[BlackElo "1349"]
[PlyCount "122"]
[WhiteFideId "4624947"]
[BlackFideId "24690066"]
[EventCountry "GER"]
[EventRounds "11"]
[EventType "swiss"]
[EventDate "2009.05.30"]

1. e4 c5 2. Nf3 Nc6 3. d4 cxd4 4. Nxd4 g6 5. c4 Bg7 6. Be3 Nf6 7. Nc3 Nxd4 8.
Bxd4 O-O 9. Be2 d6 10. O-O b6 11. Qd2 Bb7 12. f3 Rc8 13. Rfd1 Nd7 14. Be3 Nf6
15. Rac1 Qc7 16. Nd5 Bxd5 17. exd5 Rfd8 18. Bf2 Qd7 19. Bd3 e6 20. dxe6 Qxe6
21. Bf1 Qd7 22. b3 d5 23. c5 bxc5 24. Bxc5 Re8 25. Qa5 Bh6 26. Rc3 Bg7 27. Bb5
Qd8 28. Qxa7 Ra8 29. Qb7 Rb8 30. Qa6 Ra8 31. Qb7 Rb8 32. Qa6 Re6 33. Qa4 Ra8
34. Qb4 Rb8 35. a4 Nd7 36. Rcd3 Nxc5 37. Qxc5 d4 38. Bc4 Re5 39. Qa3 Re7 40. b4
Qe8 41. Kf1 Qd7 42. Qb3 Qd6 43. Kg1 Rxb4 44. Qa3 Qb6 45. Bb5 Qa5 46. Qc1 Re2
47. Qc8+ Bf8 48. h3 Rbb2 49. Qg4 Re1+ 50. Rxe1 Qxe1+ 51. Kh2 Bd6+ 52. f4 Qf2
53. Rf3 Qe1 54. Rd3 Rb1 55. Rf3 Qg1+ 56. Kg3 Rb2 57. Bf1 Rb1 58. Bb5 Bb4 59.
Kh4 Qe1+ 60. Qg3 Be7+ 61. Kg4 h5# 0-1

[Event "DEM U12/U12w 2009"]
[Site "Willingen GER"]
[Date "2009.06.01"]
[Round "3"]
[White "Weber, Sandra"]
[Black "Huckebrink, Chris"]
[Result "0-1"]
[Termination "normal"]
[Board "37"]
[WhiteElo "1315"]
[BlackElo "1489"]
[PlyCount "150"]
[WhiteFideId "1270049"]
[EventCountry "GER"]
[EventRounds "11"]
[EventType "swiss"]
[EventDate "2009.05.30"]

1. e4 c5 2. Nf3 d6 3. d4 cxd4 4. Nxd4 Nf6 5. Nc3 g6 6. Bd3 Bg7 7. Be3 Ng4 8.
Qe2 Nc6 9. Nxc6 bxc6 10. Bd2 Ne5 11. O-O O-O 12. Rab1 Bg4 13. Qe3 Qb6 14. Qg3
f5 15. h3 fxe4 16. Bxe4 Nc4 17. Be1 Bf5 18. Bxf5 Rxf5 19. b3 Na3 20. Rb2 Be5
21. Qh4 Bf6 22. Qa4 Nb5 23. Qc4+ d5 24. Qd3 Qd4 25. Qe2 Nxc3 26. Qe6+ Kg7 27.
Bxc3 Qxc3 28. Rbb1 Rd8 29. Rbc1 h5 30. Rfe1 Qc5 31. Re2 Qd6 32. Qe3 Bg5 33. f4
Qxf4 34. Qxf4 Rxf4 35. Rce1 Bh4 36. Rd1 Re8 37. Re6 Bf2+ 38. Kh2 Rf6 39. Re2 e5
40. c4 Bd4 41. Rxd4 Rd6 42. cxd5 exd4 43. Rxe8 Rxd5 44. Kg3 d3 45. Re1 d2 46.
Rd1 Kf6 47. Kf3 g5 48. Ke3 Ke5 49. g3 a5 50. Rxd2 Rxd2 51. Kxd2 Kd4 52. a3 Ke4
53. Ke2 c5 54. a4 c4 55. bxc4 Kd4 56. c5 Kxc5 57. Kd3 Kb4 58. g4 hxg4 59. hxg4
Kxa4 60. Ke4 Kb5 61. Kf5 a4 62. Kxg5 a3 63. Kh6 a2 64. g5 a1=Q 65. g6 Qh8+ 66.
Kg5 Kc6 67. Kf5 Kd6 68. Kg5 Ke6 69. Kf4 Qh4+ 70. Kf3 Kf5 71. g7 Qg4+ 72. Kf2
Kf4 73. Ke1 Ke3 74. Kf1 Qxg7 75. Ke1 Qg1# 0-1

[Event "DEM U12/U12w 2009"]
[Site "Willingen GER"]
[Date "2009.06.01"]
[Round "3"]
[White "Fell, Fabian"]
[Black "Faden, Maximilian"]
[Result "0-1"]
[Termination "normal"]
[Board "38"]
[WhiteElo "1488"]
[BlackElo "1325"]
[PlyCount "110"]
[WhiteFideId "24698873"]
[EventCountry "GER"]
[EventRounds "11"]
[EventType "swiss"]
[EventDate "2009.05.30"]

1. e4 e6 2. d4 d5 3. Nc3 Bb4 4. exd5 exd5 5. Bd3 Nc6 6. a3 Ba5 7. Nge2 Nf6 8.
O-O Bb6 9. Re1 Be6 10. Be3 Qd7 11. b4 a6 12. Qb1 Qd6 13. b5 Ne7 14. Bf4 Qd7 15.
a4 a5 16. Qc1 Ng6 17. Bg3 O-O-O 18. f4 Rde8 19. Rf1 Bf5 20. Qd2 Ne4 21. Nxe4
dxe4 22. Bc4 Rd8 23. Rad1 Rhe8 24. Bf2 Qe7 25. Be3 Bg4 26. c3 Bxe2 27. Bxe2 Qf6
28. g3 Rh8 29. f5 Ne7 30. Bg5 Qd6 31. Bg4 f6 32. Bf4 Qd7 33. Qe3 Nd5 34. Qd2 h5
35. Be2 Rde8 36. Be3 h4 37. c4 Nb4 38. c5 Ba7 39. Rc1 hxg3 40. hxg3 Rh3 41. Kg2
Reh8 42. Rh1 Qxf5 43. g4 Qh7 44. Qe1 Nd3 45. Bxd3 exd3 46. Bf4 Rxh1 47. Qe6+
Kb8 48. Bxc7+ Kxc7 49. b6+ Kb8 50. bxa7+ Ka8 51. c6 Qh2+ 52. Kf3 Rh3+ 53. Ke4
Qe2+ 54. Kd5 Qxe6+ 55. Kxe6 Rxc1 0-1

[Event "DEM U12/U12w 2009"]
[Site "Willingen GER"]
[Date "2009.06.01"]
[Round "3"]
[White "Koch, Elisabeth"]
[Black "Bajorski, Maria Sophie"]
[Result "0-1"]
[Termination "normal"]
[Board "39"]
[WhiteElo "1301"]
[BlackElo "1485"]
[PlyCount "84"]
[WhiteFideId "24695068"]
[BlackFideId "24654531"]
[EventCountry "GER"]
[EventRounds "11"]
[EventType "swiss"]
[EventDate "2009.05.30"]

1. e4 e5 2. Nf3 Nc6 3. Bc4 Nf6 4. Ng5 d5 5. exd5 Na5 6. Bb5+ c6 7. dxc6 bxc6 8.
Be2 h6 9. Nf3 e4 10. Ne5 Bc5 11. c3 Qc7 12. d4 exd3 13. Nxd3 Bd6 14. Be3 O-O
15. Nd2 Bf5 16. Nf3 Rad8 17. O-O c5 18. Kh1 Be7 19. b3 c4 20. bxc4 Nxc4 21. Bd4
Ng4 22. h3 Nf6 23. Qb3 Rfe8 24. Rfe1 Na5 25. Qa4 Nc6 26. Rad1 Ne4 27. Nd2 Nxd4
28. cxd4 Qb6 29. Nb3 Nc3 30. Qc4 Nxd1 31. Bh5 Qf6 32. Ne5 Be6 33. Qc2 Bxb3 34.
axb3 Nxf2+ 35. Kg1 g6 36. Bf3 Nxh3+ 37. gxh3 Rxd4 38. Nc6 Rd7 39. Rf1 Qg5+ 40.
Kh1 Rd2 41. Qc4 Bd6 42. Rg1 Rh2# 0-1

[Event "DEM U12/U12w 2009"]
[Site "Willingen GER"]
[Date "2009.06.01"]
[Round "3"]
[White "Töws, Manuel"]
[Black "Fuchs, Linda"]
[Result "1-0"]
[Termination "normal"]
[Board "40"]
[WhiteElo "1863"]
[BlackElo "1202"]
[PlyCount "77"]
[WhiteFideId "24654485"]
[BlackFideId "12900435"]
[EventCountry "GER"]
[EventRounds "11"]
[EventType "swiss"]
[EventDate "2009.05.30"]

1. e4 c6 2. d4 d5 3. Nc3 dxe4 4. Nxe4 Bf5 5. Ng3 Bg6 6. h4 h6 7. Nf3 Nd7 8. h5
Bh7 9. Bd3 Bxd3 10. Qxd3 e6 11. Bd2 Ngf6 12. O-O-O Bd6 13. Ne4 Nxe4 14. Qxe4
Qc7 15. Rde1 O-O-O 16. Ne5 Nxe5 17. dxe5 Bc5 18. f4 Rhe8 19. Be3 Bxe3+ 20. Qxe3
Kb8 21. g4 Rd5 22. Rd1 Ra5 23. Kb1 f6 24. exf6 gxf6 25. b3 Rd5 26. Rxd5 cxd5
27. Rd1 Qc6 28. g5 fxg5 29. fxg5 hxg5 30. Qxg5 e5 31. h6 d4 32. h7 Qc7 33. Qg8
Qxh7 34. Qxh7 e4 35. Rxd4 e3 36. Rd7 Rc8 37. Rxb7+ Ka8 38. Rxa7+ Kb8 39. Qb7#
1-0

[Event "DEM U12/U12w 2009"]
[Site "Willingen GER"]
[Date "2009.06.01"]
[Round "3"]
[White "Gaßmann, Linda"]
[Black "Knopf, Felix"]
[Result "0-1"]
[Termination "normal"]
[Board "41"]
[WhiteElo "1143"]
[BlackElo "1741"]
[PlyCount "64"]
[WhiteFideId "12900451"]
[BlackFideId "24692204"]
[EventCountry "GER"]
[EventRounds "11"]
[EventType "swiss"]
[EventDate "2009.05.30"]

1. e4 c5 2. Nc3 Nc6 3. Bc4 e6 4. d3 Nf6 5. Bg5 Be7 6. Nge2 O-O 7. O-O a6 8. a4
h6 9. Bh4 Re8 10. f4 Nxe4 11. Bxe6 dxe6 12. Bxe7 Nxc3 13. Nxc3 Qxe7 14. Re1 Qd6
15. Qd2 Bd7 16. Re2 Nd4 17. Rf2 Bc6 18. Ne4 Bxe4 19. dxe4 Rad8 20. Rd1 Qc6 21.
Qe1 Qxa4 22. b3 Qd7 23. Rfd2 Qc7 24. e5 Nc6 25. Qf2 Rxd2 26. Rxd2 Rd8 27. g3
Rxd2 28. Qxd2 Nd4 29. Kg2 Qc6+ 30. Kh3 Qf3 31. Qc1 Ne2 32. Qe1 Nxf4+ 0-1

[Event "DEM U12/U12w 2009"]
[Site "Willingen GER"]
[Date "2009.06.01"]
[Round "3"]
[White "Edel, Fenja"]
[Black "Hecht, Carsten"]
[Result "0-1"]
[Termination "normal"]
[Board "42"]
[WhiteElo "1142"]
[BlackElo "1605"]
[PlyCount "60"]
[WhiteFideId "24696749"]
[BlackFideId "24693928"]
[EventCountry "GER"]
[EventRounds "11"]
[EventType "swiss"]
[EventDate "2009.05.30"]

1. d4 Nf6 2. e3 g6 3. Nf3 Bg7 4. Bd3 O-O 5. O-O d6 6. c4 Nbd7 7. Nc3 Re8 8. e4
e5 9. d5 Nf8 10. h3 N6d7 11. Nh2 a5 12. f4 exf4 13. Bxf4 Ne5 14. Bxe5 Bxe5 15.
Qf3 Qe7 16. Rab1 h5 17. Ne2 Nh7 18. Rf2 Rf8 19. b3 Bd7 20. Qe3 Qg5 21. Qxg5
Nxg5 22. Nf3 Nxf3+ 23. Rxf3 g5 24. Rbf1 g4 25. hxg4 hxg4 26. R3f2 g3 27. Rf3
Bg4 28. Re3 Bxe2 29. Rxe2 Bd4+ 30. Kh1 Kg7 0-1

[Event "DEM U12/U12w 2009"]
[Site "Willingen GER"]
[Date "2009.06.01"]
[Round "3"]
[White "Velkina, Elina"]
[Black "Wendland, Tobias"]
[Result "0-1"]
[Termination "normal"]
[Board "43"]
[WhiteElo "1113"]
[BlackElo "1622"]
[PlyCount "74"]
[WhiteFideId "1271679"]
[BlackFideId "24662267"]
[EventCountry "GER"]
[EventRounds "11"]
[EventType "swiss"]
[EventDate "2009.05.30"]

1. e4 e6 2. Nf3 d5 3. Nc3 Nf6 4. e5 Nfd7 5. d4 c5 6. dxc5 Nc6 7. Bf4 Bxc5 8.
Bd3 f5 9. exf6 Nxf6 10. O-O e5 11. Nxe5 O-O 12. Qe2 Nxe5 13. Bxe5 Ng4 14. Bg3
b6 15. h3 Nf6 16. Rad1 Bb7 17. Rfe1 Qd7 18. Be5 Rac8 19. Bb5 Qf7 20. Bxf6 Qxf6
21. Rf1 Rcd8 22. Rd2 Qg6 23. Qd3 Qf7 24. Qg3 Bb4 25. Rd3 Bc5 26. Rf3 Qe7 27.
Rxf8+ Rxf8 28. Bd3 Bd6 29. Qg4 Qe5 30. g3 Bc8 31. Qh4 h6 32. Nxd5 Kh8 33. Nf4
Bf5 34. Ng6+ Bxg6 35. Bxg6 Qxb2 36. Qc4 Bc5 37. Rd1 Qf6 0-1

[Event "DEM U12/U12w 2009"]
[Site "Willingen GER"]
[Date "2009.06.01"]
[Round "3"]
[White "Heinemann, Josefine"]
[Black "Eichstaedt, Mirko"]
[Result "0-1"]
[Termination "normal"]
[Board "44"]
[WhiteElo "1062"]
[BlackElo "1450"]
[PlyCount "50"]
[WhiteFideId "12900460"]
[BlackFideId "24692310"]
[EventCountry "GER"]
[EventRounds "11"]
[EventType "swiss"]
[EventDate "2009.05.30"]

1. e4 c6 2. d4 d5 3. exd5 cxd5 4. Bd3 g6 5. c3 Bg7 6. Bf4 Nf6 7. Nd2 Nbd7 8.
Ngf3 a6 9. O-O O-O 10. Re1 Re8 11. Qc2 Nf8 12. Ne5 Nh5 13. Bg3 Nxg3 14. fxg3
Nd7 15. Ndf3 Qc7 16. Re2 Rb8 17. Rae1 Nxe5 18. Nxe5 b5 19. Kh1 Qd6 20. Rf1 f5
21. b3 e6 22. Qd2 Rb6 23. Qg5 Qe7 24. Qe3 Rd6 25. Rfe1 Bf6 0-1

[Event "DEM U12/U12w 2009"]
[Site "Willingen GER"]
[Date "2009.06.01"]
[Round "3"]
[White "Jermann, Isabel"]
[Black "Paliy, Margaryta"]
[Result "1-0"]
[Termination "normal"]
[Board "45"]
[WhiteElo "1328"]
[BlackElo "1047"]
[PlyCount "145"]
[BlackFideId "24692417"]
[EventCountry "GER"]
[EventRounds "11"]
[EventType "swiss"]
[EventDate "2009.05.30"]

1. c4 e5 2. g3 Bc5 3. Bg2 d6 4. Nc3 Nf6 5. e3 Bg4 6. Nge2 O-O 7. Bxb7 Nbd7 8.
Bg2 Rb8 9. O-O Nb6 10. b3 h6 11. Qc2 Bb4 12. d4 Bxc3 13. Nxc3 exd4 14. exd4 Re8
15. Bb2 Qd7 16. Rfe1 Bf5 17. Qd2 a5 18. Rxe8+ Rxe8 19. Re1 Rxe1+ 20. Qxe1 a4
21. Qe3 axb3 22. axb3 Bc2 23. Ne4 Nxe4 24. Bxe4 Bxe4 25. Qxe4 d5 26. cxd5 Nxd5
27. Ba3 Nc3 28. Qd3 Nb5 29. Bc5 c6 30. Kg2 Qd5+ 31. Qf3 Qd7 32. Qe4 Nc3 33. Qf3
Nd5 34. Kf1 Qh3+ 35. Qg2 Qf5 36. Kg1 Qb1+ 37. Qf1 Qxb3 38. Qa6 Qd1+ 39. Kg2 Qd2
40. Qxc6 Ne3+ 41. Kf3 Nf1 42. Qe4 Nxh2+ 43. Kg2 Qb2 44. Kxh2 Qxf2+ 45. Qg2
Qxg2+ 46. Kxg2 f5 47. Bd6 Kf7 48. Kf3 Ke6 49. Be5 g5 50. Bf4 gxf4 51. Kxf4 h5
52. d5+ Kxd5 53. Kxf5 Kd4 54. Kg5 Ke3 55. Kxh5 Ke4 56. g4 Ke5 57. g5 Ke6 58. g6
Ke7 59. Kh6 Kf8 60. Kh7 Ke7 61. g7 Ke6 62. g8=Q+ Ke5 63. Qg4 Kd6 64. Qf5 Kc6
65. Kg7 Kc7 66. Qe6 Kb7 67. Kf7 Ka7 68. Qc6 Kb8 69. Qd7 Ka8 70. Ke6 Kb8 71. Kd6
Ka8 72. Kc6 Kb8 73. Qb7# 1-0

[Event "DEM U12/U12w 2009"]
[Site "Willingen GER"]
[Date "2009.06.01"]
[Round "3"]
[White "Sadjjadi, Anahita"]
[Black "Lemke, Berfîn"]
[Result "0-1"]
[Termination "normal"]
[Board "46"]
[WhiteElo "1010"]
[BlackElo "1312"]
[PlyCount "92"]
[BlackFideId "1270578"]
[EventCountry "GER"]
[EventRounds "11"]
[EventType "swiss"]
[EventDate "2009.05.30"]

1. e4 e5 2. Nf3 Nc6 3. Bc4 Nf6 4. Ng5 d5 5. exd5 Na5 6. Bb5+ c6 7. dxc6 bxc6 8.
Ba4 h6 9. Nf3 e4 10. Ne5 Qd4 11. Bxc6+ Nxc6 12. Nxc6 Qc5 13. f3 Qxc6 14. Qe2
Qxc2 15. Na3 Bxa3 16. bxa3 Qd3 17. Qxd3 exd3 18. Bb2 Ke7 19. O-O Be6 20. Rfe1
Rab8 21. Rab1 g6 22. f4 Rhc8 23. h3 h5 24. Kf2 Rc2 25. Bc3 Rxb1 26. Rxb1 Ne4+
27. Ke3 Nc5 28. Bb4 Bf5 29. Kd4 Kd6 30. Re1 Kc6 31. Bxc5 Rxc5 32. Re8 Rc2 33.
Re7 Rxd2 34. Rxa7 Rxa2 35. Ke3 Re2+ 36. Kf3 Re1 37. a4 d2 38. Ra6+ Kb7 39. Rd6
Ra1 40. Rxd2 Rxa4 41. Rb2+ Kc6 42. g4 hxg4+ 43. hxg4 Be6 44. Re2 g5 45. f5 Kd6
46. f6 Bxg4+ 0-1

[Event "DEM U12/U12w 2009"]
[Site "Willingen GER"]
[Date "2009.06.01"]
[Round "3"]
[White "Müller, Max"]
[Black "Rahimi, Anita"]
[Result "1/2-1/2"]
[Termination "normal"]
[Board "47"]
[WhiteElo "962"]
[BlackElo "1290"]
[PlyCount "46"]
[WhiteFideId "12900486"]
[BlackFideId "24692336"]
[EventCountry "GER"]
[EventRounds "11"]
[EventType "swiss"]
[EventDate "2009.05.30"]

1. e4 c5 2. d3 d6 3. Nf3 Nc6 4. h3 Nf6 5. g3 e6 6. Bg2 Be7 7. O-O Bd7 8. Nbd2
Rc8 9. Re1 O-O 10. Nf1 h6 11. Bd2 Re8 12. N3h2 e5 13. Ne3 Be6 14. f4 exf4 15.
gxf4 Rc7 16. Rf1 Qc8 17. f5 Bd7 18. c3 b5 19. Bh1 Nh7 20. Qe1 Ng5 21. Qg3 Ne5
22. Neg4 Bd8 23. h4 Nh7 1/2-1/2

[Event "DEM U12/U12w 2009"]
[Site "Willingen GER"]
[Date "2009.06.01"]
[Round "3"]
[White "Genath, Maren"]
[Black "Bosse, Lea"]
[Result "0-1"]
[Termination "normal"]
[Board "48"]
[WhiteElo "924"]
[BlackElo "1254"]
[PlyCount "60"]
[BlackFideId "12900419"]
[EventCountry "GER"]
[EventRounds "11"]
[EventType "swiss"]
[EventDate "2009.05.30"]

1. e4 d5 2. exd5 Qxd5 3. Nc3 Qa5 4. Nf3 Nf6 5. d4 Bf5 6. Bd2 c6 7. Ne4 Qc7 8.
Nxf6+ gxf6 9. Bc4 e6 10. O-O Bd6 11. Qe1 Nd7 12. Bb4 c5 13. Bd2 Bg4 14. Qe3 Rg8
15. g3 cxd4 16. Nxd4 Qxc4 17. b3 Qd5 18. f3 Bh5 19. c4 Qc5 20. Kg2 Bg6 21. Nb5
Ke7 22. Nxd6 Qxe3 23. Bxe3 Kxd6 24. Rad1+ Ke7 25. Rd2 b6 26. Rfd1 Rad8 27. b4
Ne5 28. Bf2 Nxc4 29. Rd7+ Rxd7 30. Rxd7+ Kxd7 0-1

[Event "DEM U12/U12w 2009"]
[Site "Willingen GER"]
[Date "2009.06.01"]
[Round "3"]
[White "Böhme, Mathis"]
[Black "Wagner, Swenja"]
[Result "1-0"]
[Termination "normal"]
[Board "49"]
[WhiteElo "1190"]
[BlackElo "833"]
[PlyCount "65"]
[WhiteFideId "12900443"]
[BlackFideId "12900494"]
[EventCountry "GER"]
[EventRounds "11"]
[EventType "swiss"]
[EventDate "2009.05.30"]

1. e4 e5 2. f4 Bc5 3. Nf3 Nc6 4. Nc3 d6 5. Bc4 Nf6 6. d3 Bg4 7. h3 Bh5 8. g4
Bxg4 9. hxg4 Nxg4 10. Bxf7+ Kf8 11. Rf1 Be3 12. Bh5 Bxc1 13. Qxc1 Nf6 14. Rh1
Ke7 15. Ng1 g6 16. Be2 d5 17. fxe5 Nxe5 18. Qg5 Ke6 19. exd5+ Nxd5 20. Bg4+
Nxg4 21. Qxg4+ Kd6 22. Qd4 c6 23. O-O-O Qg5+ 24. Kb1 Qg2 25. Nh3 g5 26. Nxd5
cxd5 27. Qf6+ Kc7 28. Nxg5 Rhf8 29. Ne6+ Kd7 30. Nxf8+ Ke8 31. Rxh7 Qe2 32.
Qf7+ Kd8 33. Qd7# 1-0

[Event "DEM U12/U12w 2009"]
[Site "Willingen GER"]
[Date "2009.06.01"]
[Round "4"]
[White "Xu, Xianliang"]
[Black "Svane, Rasmus"]
[Result "0-1"]
[Termination "normal"]
[Board "1"]
[WhiteElo "1921"]
[BlackElo "2034"]
[PlyCount "146"]
[WhiteFideId "4603230"]
[BlackFideId "4657101"]
[EventCountry "GER"]
[EventRounds "11"]
[EventType "swiss"]
[EventDate "2009.05.30"]

1. b3 Nf6 2. Bb2 e6 3. e3 c5 4. Nf3 Be7 5. d4 b6 6. Be2 Bb7 7. O-O O-O 8. Nbd2
d6 9. c4 Nbd7 10. Rc1 Rc8 11. Qc2 Qc7 12. Qb1 Rfd8 13. Rfd1 Qb8 14. Bd3 cxd4
15. exd4 d5 16. Ne5 Nf8 17. Ndf3 h6 18. h3 Qa8 19. Re1 N8d7 20. Bf1 Rc7 21. Qd3
Rdc8 22. Nxd7 Nxd7 23. Ne5 Nxe5 24. Rxe5 Bf6 25. Ree1 Ba6 26. Qc3 dxc4 27. bxc4
Bxc4 28. Bxc4 b5 29. Qb3 bxc4 30. Qg3 Qd5 31. Red1 Rb7 32. Bc3 Be7 33. Qg4 Ba3
34. Rb1 Rcb8 35. Rxb7 Rxb7 36. Re1 a5 37. Qf4 Bb4 38. Qe3 Qf5 39. Rd1 Qc2 40.
Rc1 Qd3 41. Qxd3 cxd3 42. Rb1 Rc7 43. Bxb4 axb4 44. Rd1 Rc3 45. f3 Kf8 46. Rd2
Rc2 47. Rxd3 Rxa2 48. Rb3 Ra4 49. Kf2 Ke7 50. Ke2 Kd6 51. Rb2 Kd5 52. Kd3 Ra3+
53. Kd2 Kc4 54. Kc2 b3+ 55. Kb1 Ra2 56. Rxa2 bxa2+ 57. Kxa2 Kxd4 58. Kb3 Kd3
59. h4 e5 60. Kb2 Kd2 61. g4 Ke3 62. Kc3 Kxf3 63. g5 hxg5 64. h5 e4 65. h6 gxh6
66. Kd4 e3 67. Ke5 e2 68. Kf6 e1=Q 69. Kg7 Kg4 70. Kh7 Kf5 71. Kg7 Qe5+ 72. Kf8
Kg6 73. Kg8 Qe8# 0-1

[Event "DEM U12/U12w 2009"]
[Site "Willingen GER"]
[Date "2009.06.01"]
[Round "4"]
[White "Lerch, Philipp"]
[Black "Wagner, Dennis"]
[Result "0-1"]
[Termination "normal"]
[Board "2"]
[WhiteElo "1900"]
[BlackElo "2024"]
[PlyCount "58"]
[WhiteFideId "4654129"]
[BlackFideId "24650684"]
[EventCountry "GER"]
[EventRounds "11"]
[EventType "swiss"]
[EventDate "2009.05.30"]

1. e4 e5 2. Bc4 Nc6 3. d3 Bc5 4. Nc3 Nf6 5. Bg5 h6 6. Be3 d6 7. Qf3 Be6 8. h3
Qd7 9. O-O-O O-O-O 10. Nd5 Bxd5 11. Bxd5 Nxd5 12. exd5 Nd4 13. Bxd4 Bxd4 14.
Ne2 Bb6 15. g4 c6 16. Rdf1 Kb8 17. Ng3 g6 18. Kb1 Rc8 19. dxc6 bxc6 20. Qe4 Bc7
21. h4 d5 22. Qf3 Qe7 23. h5 Ka8 24. c4 Rb8 25. Rc1 Qa3 26. Rc2 e4 27. Qxf7 Be5
28. Kc1 Bxb2+ 29. Kd1 exd3 0-1